书目信息 |
| 题名: |
五子棋跟我学
|
|
| 作者: | 康生田 主编 | |
| 分册: | ||
| 出版信息: | 太原 山西科学技术出版社 2022.06 |
|
| 页数: | 110页 | |
| 开本: | 21cm | |
| 丛书名: | ||
| 单 册: | ||
| 中图分类: | G891.9 | |
| 科图分类: | ||
| 主题词: | 五子棋--wu zi qi--基本知识 | |
| 电子资源: | ||
| ISBN: | 978-7-5377-6132-1 | |
| 000 | 01084nam0 2200241 450 | |
| 001 | 012001001317 | |
| 005 | 20140201135610.0 | |
| 010 | @a978-7-5377-6132-1@dCNY21.00 | |
| 099 | @aCAL 012022005340 | |
| 100 | @a20220905d2021 em y0chiy50 ea | |
| 101 | 0 | @achi |
| 102 | @aCN@b140000 | |
| 105 | @aa z 000yy | |
| 106 | @ar | |
| 200 | 1 | @a五子棋跟我学@Awu zi qi gen wo xue@f主编康生田 |
| 210 | @a太原@c山西科学技术出版社@d2022.06 | |
| 215 | @a110页@c图@d21cm | |
| 330 | @a本书以五子棋的起源、文化、传播形式等内容开篇, 第二部分着重介绍简单的残局及相关技巧, 紧跟着配以多种残局的习题 (附答案) 以达到使读者学以致用的目的。最后, 作者罗列了一部分大赛的一些经典对决, 并加以解析, 以供爱好者们参考和欣赏。全书以五子棋的残局图片为主, 主要讲解简单的残局模式, 适合五子棋初学者快速入门并提高技能。同时, 本书供给读者一些必胜及求和的基本套路信息, 使初学者能够快速掌握五子棋的技战术, 使得读者能在实战中受益颇丰。 | |
| 606 | 0 | @a五子棋@Awu zi qi@x基本知识 |
| 690 | @aG891.9@v5 | |
| 701 | 0 | @a康生田@Akang sheng tian@4主编 |
| 801 | 0 | @aCN@bAHXH@c20221111 |
| 905 | @b1366108-12@dG891.9@e520@f5 | |
| 五子棋跟我学/主编康生田.-太原:山西科学技术出版社,2022.06 |
| 110页:图;21cm |
| ISBN 978-7-5377-6132-1:CNY21.00 |
| 本书以五子棋的起源、文化、传播形式等内容开篇, 第二部分着重介绍简单的残局及相关技巧, 紧跟着配以多种残局的习题 (附答案) 以达到使读者学以致用的目的。最后, 作者罗列了一部分大赛的一些经典对决, 并加以解析, 以供爱好者们参考和欣赏。全书以五子棋的残局图片为主, 主要讲解简单的残局模式, 适合五子棋初学者快速入门并提高技能。同时, 本书供给读者一些必胜及求和的基本套路信息, 使初学者能够快速掌握五子棋的技战术, 使得读者能在实战中受益颇丰。 |
| ● |
| 相关链接 |
|
|
|
|
正题名:五子棋跟我学
索取号:G891.9/520
 
预约/预借
| 序号 | 登录号 | 条形码 | 馆藏地/架位号 | 状态 | 备注 |
| 1 | 1366108 | 213661081 | 第一样本阅览室/ [索取号:G891.9/520] | 在馆 | |
| 2 | 1366109 | 213661090 | 教育系资料室/ [索取号:G891.9/520] | 在馆 | |
| 3 | 1366110 | 213661107 | 教育系资料室/ [索取号:G891.9/520] | 在馆 | |
| 4 | 1366111 | 213661116 | 第四借阅区/ [索取号:G891.9/520] | 在馆 | |
| 5 | 1366112 | 213661125 | 第四借阅区/ [索取号:G891.9/520] | 在馆 |